[Event "European Individual Blitz Chess Championship 2016"]
[Site "?"]
[Date "2016.12.18"]
[Round "21.23"]
[White "Sarana, Alexey"]
[Black "Piorun, Kacper"]
[Result "0-1"]
[BlackElo "2577"]
[WhiteElo "2488"]
[LiveChessVersion "1.4.7"]

1. d4 {[%clk 0:03:03]} Nf6 {[%clk 0:03:02]} 2. c4 {[%clk 0:03:04]} g6
{[%clk 0:03:03]} 3. Nf3 {[%clk 0:03:05]} Bg7 {[%clk 0:03:04]} 4. g3
{[%clk 0:03:06]} O-O {[%clk 0:03:04]} 5. Bg2 {[%clk 0:03:07]} d6 {[%clk 0:03:06]}
6. O-O {[%clk 0:03:08]} Nc6 {[%clk 0:03:06]} 7. Nc3 {[%clk 0:03:08]} Bf5
{[%clk 0:03:07]} 8. d5 {[%clk 0:03:07]} Na5 {[%clk 0:03:08]} 9. Nd2
{[%clk 0:03:08]} c5 {[%clk 0:03:09]} 10. e4 {[%clk 0:03:07]} Bd7 {[%clk 0:03:08]}
11. Rb1 {[%clk 0:03:05]} Rb8 {[%clk 0:03:00]} 12. Qc2 {[%clk 0:03:03]} a6
{[%clk 0:03:00]} 13. b3 {[%clk 0:02:59]} b5 {[%clk 0:03:00]} 14. h3
{[%clk 0:02:54]} Qc7 {[%clk 0:02:48]} 15. Bb2 {[%clk 0:02:49]} e6
{[%clk 0:02:39]} 16. Ne2 {[%clk 0:02:43]} exd5 {[%clk 0:02:22]} 17. cxd5
{[%clk 0:02:32]} Rfe8 {[%clk 0:02:20]} 18. f4 {[%clk 0:02:24]} Nb7
{[%clk 0:01:51]} 19. Rbe1 {[%clk 0:02:18]} c4 {[%clk 0:01:48]} 20. bxc4
{[%clk 0:02:15]} Nc5 {[%clk 0:01:49]} 21. cxb5 {[%clk 0:02:08]} Bxb5
{[%clk 0:01:48]} 22. Nb3 {[%clk 0:02:03]} Bd3 {[%clk 0:01:36]} 23. Qc3
{[%clk 0:02:04]} Bxe4 {[%clk 0:01:19]} 24. Bxe4 {[%clk 0:01:34]} Rxe4
{[%clk 0:01:21]} 25. Nxc5 {[%clk 0:01:35]} Qxc5+ {[%clk 0:01:08]} 26. Qxc5
{[%clk 0:01:35]} dxc5 {[%clk 0:01:09]} 27. Be5 {[%clk 0:01:36]} Rd8
{[%clk 0:00:59]} 28. d6 {[%clk 0:01:12]} Ne8 {[%clk 0:00:59]} 29. Nc3
{[%clk 0:01:07]} Rxe1 {[%clk 0:00:55]} 30. Rxe1 {[%clk 0:01:08]} f6
{[%clk 0:00:49]} 31. d7 {[%clk 0:00:51]} Rxd7 {[%clk 0:00:50]} 32. Bb8
{[%clk 0:00:52]} Kf7 {[%clk 0:00:52]} 33. Na4 {[%clk 0:00:53]} Bf8
{[%clk 0:00:52]} 34. f5 {[%clk 0:00:52]} gxf5 {[%clk 0:00:37]} 35. Bf4
{[%clk 0:00:53]} Rd4 {[%clk 0:00:30]} 36. Nc3 {[%clk 0:00:50]} Bd6
{[%clk 0:00:23]} 37. Ne2 {[%clk 0:00:31]} Re4 {[%clk 0:00:19]} 38. Kf2 Ra4
{[%clk 0:00:12]} 39. Rd1 {[%clk 0:00:27]} Bxf4 {[%clk 0:00:12]} 40. Nxf4
{[%clk 0:00:28]} Rxa2+ {[%clk 0:00:13]} 41. Kf3 {[%clk 0:00:29]} Ra3+
{[%clk 0:00:13]} 42. Kf2 {[%clk 0:00:29]} Ke7 {[%clk 0:00:12]} 43. Nd5+
{[%clk 0:00:27]} Kf8 {[%clk 0:00:08]} 44. Nf4 {[%clk 0:00:28]} Ra2+
{[%clk 0:00:09]} 45. Kf3 Ra3+ 46. Kf2 {[%clk 0:00:28]} Ke7 {[%clk 0:00:04]} 47.
Nd5+ {[%clk 0:00:29]} Kf7 {[%clk 0:00:04]} 48. Nf4 {[%clk 0:00:30]} Ra2+
{[%clk 0:00:04]} 49. Kf3 {[%clk 0:00:31]} c4 {[%clk 0:00:05]} 50. Rd7+
{[%clk 0:00:32]} Kg8 {[%clk 0:00:06]} 51. Nd5 {[%clk 0:00:08]} c3
{[%clk 0:00:06]} 52. Rd8 {[%clk 0:00:08]} Kf7 {[%clk 0:00:05]} 53. Rc8
{[%clk 0:00:08]} c2 {[%clk 0:00:05]} 54. Nb4 {[%clk 0:00:08]} Ra3+
{[%clk 0:00:06]} 55. Kf2 {[%clk 0:00:09]} Nd6 {[%clk 0:00:06]} 56. Rc7+ Ne4+ 57.
Rxc2 {[%clk 0:00:06]} a5+ {[%clk 0:00:07]} 58. Ke1 {[%clk 0:00:06]} Rxg3
{[%clk 0:00:07]} 59. Nd5 {[%clk 0:00:07]} Ke6 {[%clk 0:00:08]} 60. Rc7
{[%clk 0:00:03]} Ke5 {[%clk 0:00:10]} 61. Nf4 {[%clk 0:00:03]} Rxh3
{[%clk 0:00:09]} 62. Nh5 {[%clk 0:00:04]} Rh1+ {[%clk 0:00:08]} 63. Ng7
{[%clk 0:00:06]} Rh2 {[%clk 0:00:09]} 64. Ke2 {[%clk 0:00:07]} f4+
{[%clk 0:00:10]} 65. Kf3 {[%clk 0:00:07]} Ng5+ {[%clk 0:00:11]} 66. Kg4
{[%clk 0:00:08]} Rg2+ {[%clk 0:00:10]} 67. Kh4 {[%clk 0:00:09]} Nf3+
{[%clk 0:00:09]} 68. Kh5 {[%clk 0:00:10]} Rg5+ {[%clk 0:00:10]} 69. Kh6
{[%clk 0:00:12]} Nd4 {[%clk 0:00:08]} 70. Ra7 {[%clk 0:00:10]} f3
{[%clk 0:00:06]} 71. Rxa5+ {[%clk 0:00:10]} Ke4 {[%clk 0:00:07]} 72. Ra2
{[%clk 0:00:08]} Rg2 {[%clk 0:00:06]} 73. Ra1 {[%clk 0:00:05]} f2
{[%clk 0:00:07]} 74. Nh5 {[%clk 0:00:07]} Rg1 {[%clk 0:00:07]} 0-1

[Event "European Individual Blitz Chess Championship 2016"]
[Site "?"]
[Date "2016.12.18"]
[Round "22.6"]
[White "Wojtaszek, Radoslaw"]
[Black "Ponomariov, Ruslan"]
[Result "1/2-1/2"]
[BlackElo "2743"]
[WhiteElo "2666"]
[LiveChessVersion "1.4.7"]

1. Nf3 {[%clk 0:03:03]} b6 {[%clk 0:03:01]} 2. c4 {[%clk 0:03:00]} Bb7
{[%clk 0:02:59]} 3. Nc3 {[%clk 0:03:01]} Nf6 {[%clk 0:02:56]} 4. g3
{[%clk 0:03:01]} e6 {[%clk 0:02:47]} 5. Bg2 {[%clk 0:03:02]} Bb4 {[%clk 0:02:45]}
6. Qc2 {[%clk 0:03:01]} O-O {[%clk 0:02:43]} 7. O-O {[%clk 0:03:00]} c5
{[%clk 0:02:19]} 8. a3 {[%clk 0:02:35]} Bxc3 {[%clk 0:02:19]} 9. Qxc3
{[%clk 0:02:36]} d5 {[%clk 0:02:17]} 10. cxd5 {[%clk 0:02:13]} Nxd5
{[%clk 0:02:16]} 11. Qc2 {[%clk 0:02:14]} Nc6 {[%clk 0:02:16]} 12. b3
{[%clk 0:02:10]} e5 {[%clk 0:02:03]} 13. Bb2 {[%clk 0:02:09]} Re8
{[%clk 0:02:02]} 14. e3 {[%clk 0:01:52]} Nf6 {[%clk 0:01:57]} 15. d3
{[%clk 0:01:49]} Qd7 {[%clk 0:01:55]} 16. Rfd1 {[%clk 0:01:45]} Rad8
{[%clk 0:01:51]} 17. Rac1 {[%clk 0:01:44]} h6 {[%clk 0:01:47]} 18. h3
{[%clk 0:01:25]} Ba8 {[%clk 0:01:43]} 19. Bc3 {[%clk 0:01:20]} a5
{[%clk 0:01:40]} 20. Qb2 {[%clk 0:01:16]} Qe6 {[%clk 0:01:38]} 21. Nd2
{[%clk 0:01:09]} Rxd3 {[%clk 0:01:25]} 22. Nc4 {[%clk 0:01:10]} Rxd1+
{[%clk 0:01:18]} 23. Rxd1 {[%clk 0:01:11]} Ne7 {[%clk 0:00:54]} 24. Rd6
{[%clk 0:01:03]} Qf5 {[%clk 0:00:54]} 25. g4 {[%clk 0:00:48]} Nxg4
{[%clk 0:00:54]} 26. hxg4 {[%clk 0:00:49]} Qxg4 {[%clk 0:00:55]} 27. f3
{[%clk 0:00:50]} Bxf3 {[%clk 0:00:54]} 28. Nxe5 {[%clk 0:00:51]} Qxg2+
{[%clk 0:00:53]} 29. Qxg2 {[%clk 0:00:52]} Bxg2 {[%clk 0:00:54]} 30. Kxg2
{[%clk 0:00:53]} Nf5 {[%clk 0:00:52]} 31. Rd3 {[%clk 0:00:52]} f6
{[%clk 0:00:48]} 32. Nc4 {[%clk 0:00:50]} b5 {[%clk 0:00:48]} 33. Nxa5
{[%clk 0:00:47]} Nxe3+ {[%clk 0:00:47]} 34. Kf3 {[%clk 0:00:48]} Nc2
{[%clk 0:00:46]} 35. Nb7 {[%clk 0:00:47]} c4 {[%clk 0:00:44]} 36. bxc4
{[%clk 0:00:44]} bxc4 {[%clk 0:00:45]} 37. Nd6 {[%clk 0:00:32]} cxd3
{[%clk 0:00:44]} 38. Nxe8 {[%clk 0:00:33]} Nxa3 {[%clk 0:00:45]} 39. Ke3
{[%clk 0:00:32]} Nb5 {[%clk 0:00:44]} 40. Bxf6 {[%clk 0:00:26]} gxf6
{[%clk 0:00:42]} 41. Nxf6+ {[%clk 0:00:27]} Kg7 {[%clk 0:00:42]} 42. Ng4
{[%clk 0:00:27]} h5 {[%clk 0:00:37]} 43. Ne5 {[%clk 0:00:27]} Kf6 44. Ke4 Kxe5+
1/2-1/2

[Event "European Individual Blitz Chess Championship 2016"]
[Site "?"]
[Date "2016.12.18"]
[Round "22.10"]
[White "Onischuk, Vladimir"]
[Black "Dzhumagaliev, Yan"]
[Result "1/2-1/2"]
[BlackElo "2613"]
[WhiteElo "2740"]
[LiveChessVersion "1.4.7"]

1. e4 {[%clk 0:03:02]} c5 {[%clk 0:03:04]} 2. Nf3 e6 3. b3 {[%clk 0:03:05]} Nc6
{[%clk 0:03:04]} 4. Bb2 {[%clk 0:03:06]} d6 {[%clk 0:03:01]} 5. d4
{[%clk 0:02:59]} cxd4 {[%clk 0:03:02]} 6. Nxd4 {[%clk 0:03:00]} Nf6
{[%clk 0:03:02]} 7. Nxc6 {[%clk 0:03:00]} bxc6 {[%clk 0:03:03]} 8. e5
{[%clk 0:03:01]} Ne4 {[%clk 0:02:45]} 9. Nd2 {[%clk 0:02:44]} Qa5
{[%clk 0:02:33]} 10. Bd3 {[%clk 0:02:07]} Nc3 {[%clk 0:02:25]} 11. Qf3
{[%clk 0:01:52]} Nd5 {[%clk 0:01:54]} 12. a3 {[%clk 0:01:10]} dxe5
{[%clk 0:01:33]} 13. c4 {[%clk 0:01:09]} Ne7 {[%clk 0:01:27]} 14. b4
{[%clk 0:01:06]} Qc7 {[%clk 0:01:27]} 15. O-O {[%clk 0:01:05]} Ng6
{[%clk 0:01:18]} 16. Rfe1 {[%clk 0:01:04]} Bb7 {[%clk 0:01:19]} 17. c5
{[%clk 0:01:01]} Be7 {[%clk 0:01:11]} 18. Bxg6 {[%clk 0:00:55]} hxg6
{[%clk 0:01:11]} 19. Bxe5 {[%clk 0:00:56]} Qd8 {[%clk 0:01:04]} 20. Nc4
{[%clk 0:00:52]} O-O {[%clk 0:00:54]} 21. Rad1 {[%clk 0:00:53]} Qc8
{[%clk 0:00:53]} 22. Nd6 {[%clk 0:00:37]} Bxd6 {[%clk 0:00:51]} 23. Bxd6
{[%clk 0:00:38]} Re8 {[%clk 0:00:51]} 24. Qg3 {[%clk 0:00:35]} a5
{[%clk 0:00:48]} 25. Rd4 {[%clk 0:00:31]} axb4 {[%clk 0:00:44]} 26. axb4
{[%clk 0:00:32]} e5 {[%clk 0:00:27]} 27. Rh4 {[%clk 0:00:29]} Qf5
{[%clk 0:00:26]} 28. h3 {[%clk 0:00:28]} f6 {[%clk 0:00:20]} 29. Rhe4
{[%clk 0:00:26]} g5 {[%clk 0:00:19]} 30. h4 {[%clk 0:00:26]} gxh4
{[%clk 0:00:20]} 31. Rxh4 {[%clk 0:00:26]} Bc8 {[%clk 0:00:18]} 32. Qh2
{[%clk 0:00:19]} Be6 {[%clk 0:00:17]} 33. Rh5 {[%clk 0:00:19]} Qg6
{[%clk 0:00:16]} 34. Rh8+ {[%clk 0:00:17]} Kf7 {[%clk 0:00:17]} 35. Rxe8
{[%clk 0:00:18]} Rxe8 {[%clk 0:00:17]} 36. f3 {[%clk 0:00:13]} Bd5
{[%clk 0:00:18]} 37. Qh3 {[%clk 0:00:14]} Be6 {[%clk 0:00:17]} 38. Qh4
{[%clk 0:00:15]} Ra8 {[%clk 0:00:16]} 39. Re2 {[%clk 0:00:09]} Ra1+
{[%clk 0:00:17]} 40. Kf2 {[%clk 0:00:11]} Rb1 {[%clk 0:00:11]} 41. Qe4
{[%clk 0:00:09]} Qxe4 {[%clk 0:00:12]} 42. Rxe4 {[%clk 0:00:10]} Rb2+
{[%clk 0:00:11]} 43. Kg1 {[%clk 0:00:08]} g5 {[%clk 0:00:12]} 44. Bc7
{[%clk 0:00:07]} Bd5 {[%clk 0:00:12]} 45. Re1 {[%clk 0:00:04]} Rxb4
{[%clk 0:00:13]} 46. Ra1 {[%clk 0:00:05]} Rb7 {[%clk 0:00:14]} 47. Bb6
{[%clk 0:00:06]} Kg6 {[%clk 0:00:14]} 48. Ra7 {[%clk 0:00:06]} Rxa7 49. Bxa7
{[%clk 0:00:07]} Kf5 {[%clk 0:00:14]} 50. Kf2 {[%clk 0:00:08]} e4
{[%clk 0:00:15]} 51. fxe4+ {[%clk 0:00:09]} Kxe4 {[%clk 0:00:16]} 52. Bb8 Ke5
1/2-1/2

[Event "European Individual Blitz Chess Championship 2016"]
[Site "?"]
[Date "2016.12.18"]
[Round "22.12"]
[White "Munoz, Miguel"]
[Black "Jovanovic, Zoran"]
[Result "0-1"]
[BlackElo "2585"]
[WhiteElo "2651"]
[LiveChessVersion "1.4.7"]

1. e4 {[%clk 0:03:02]} d5 {[%clk 0:03:03]} 2. exd5 {[%clk 0:03:02]} Qxd5
{[%clk 0:03:04]} 3. Nf3 {[%clk 0:03:02]} Bg4 {[%clk 0:03:04]} 4. Be2
{[%clk 0:03:04]} Nc6 {[%clk 0:03:05]} 5. d4 {[%clk 0:03:04]} O-O-O
{[%clk 0:02:54]} 6. Be3 {[%clk 0:03:05]} e5 {[%clk 0:02:15]} 7. Nc3
{[%clk 0:03:05]} Bb4 {[%clk 0:02:15]} 8. O-O {[%clk 0:03:06]} Bxc3
{[%clk 0:02:15]} 9. bxc3 {[%clk 0:03:06]} Qd6 {[%clk 0:00:32]} 10. Ng5
{[%clk 0:02:00]} Bxe2 {[%clk 0:00:32]} 11. Qxe2 {[%clk 0:02:01]} Qg6
{[%clk 0:00:30]} 12. dxe5 {[%clk 0:01:55]} Nxe5 {[%clk 0:00:24]} 13. f4
{[%clk 0:01:52]} Nc6 {[%clk 0:00:19]} 14. Rab1 {[%clk 0:01:48]} Nge7
{[%clk 0:00:17]} 15. Qb5 {[%clk 0:01:36]} b6 {[%clk 0:00:18]} 16. a4
{[%clk 0:01:25]} h6 {[%clk 0:00:17]} 17. Nf3 {[%clk 0:01:22]} Qxc2
{[%clk 0:00:17]} 18. a5 {[%clk 0:01:23]} Qd3 {[%clk 0:00:15]} 19. Qxd3
{[%clk 0:01:20]} Rxd3 {[%clk 0:00:17]} 20. Bd4 {[%clk 0:01:20]} f6
{[%clk 0:00:16]} 21. axb6 {[%clk 0:01:21]} axb6 {[%clk 0:00:17]} 22. Rfe1
{[%clk 0:01:22]} Nf5 {[%clk 0:00:18]} 23. Bf2 {[%clk 0:01:23]} Rxc3
{[%clk 0:00:18]} 24. Re6 {[%clk 0:01:23]} Rd8 {[%clk 0:00:17]} 25. Be1
{[%clk 0:01:22]} Rc4 {[%clk 0:00:17]} 26. Nd2 {[%clk 0:01:22]} Rc2
{[%clk 0:00:18]} 27. Nf1 {[%clk 0:01:21]} Nfd4 {[%clk 0:00:19]} 28. Re4
{[%clk 0:01:21]} Ne2+ {[%clk 0:00:19]} 29. Kh1 {[%clk 0:01:23]} Nc3
{[%clk 0:00:21]} 30. Bxc3 {[%clk 0:01:24]} Rxc3 {[%clk 0:00:22]} 31. Ng3
{[%clk 0:01:25]} Rcd3 {[%clk 0:00:23]} 32. Kg1 {[%clk 0:01:26]} Rd1+
{[%clk 0:00:27]} 33. Rxd1 {[%clk 0:01:30]} Rxd1+ {[%clk 0:00:27]} 34. Kf2 b5 35.
Nf5 {[%clk 0:01:30]} Rd7 {[%clk 0:00:27]} 36. h4 {[%clk 0:01:29]} b4
{[%clk 0:00:28]} 37. Rc4 {[%clk 0:01:30]} Kb7 {[%clk 0:00:30]} 38. Ne3
{[%clk 0:01:30]} Kb6 {[%clk 0:00:30]} 39. h5 {[%clk 0:01:31]} Kb5
{[%clk 0:00:32]} 40. Rc1 {[%clk 0:01:33]} Na5 {[%clk 0:00:32]} 41. Ke2
{[%clk 0:01:32]} c5 {[%clk 0:00:33]} 42. Kf3 {[%clk 0:01:32]} c4 {[%clk 0:00:34]}
43. Ke4 {[%clk 0:01:34]} b3 {[%clk 0:00:35]} 44. Nd1 {[%clk 0:01:35]} Kb4
{[%clk 0:00:33]} 45. Nc3 {[%clk 0:01:36]} b2 {[%clk 0:00:33]} 46. Rc2
{[%clk 0:01:38]} Kb3 {[%clk 0:00:34]} 47. Kd4 0-1

[Event "European Individual Blitz Chess Championship 2016"]
[Site "?"]
[Date "2016.12.18"]
[Round "22.20"]
[White "Martinovic, Sasa"]
[Black "Turov, Maxim"]
[Result "1-0"]
[BlackElo "2608"]
[WhiteElo "2496"]
[LiveChessVersion "1.4.7"]

1. d4 {[%clk 0:03:04]} Nf6 {[%clk 0:03:04]} 2. Bg5 {[%clk 0:03:05]} e6
{[%clk 0:03:05]} 3. e4 {[%clk 0:03:07]} h6 {[%clk 0:03:04]} 4. Bxf6
{[%clk 0:03:08]} Qxf6 {[%clk 0:03:05]} 5. Nf3 {[%clk 0:03:09]} d6
{[%clk 0:03:03]} 6. Nc3 {[%clk 0:03:10]} Nd7 {[%clk 0:02:57]} 7. Qd2
{[%clk 0:03:12]} c6 {[%clk 0:02:50]} 8. O-O-O {[%clk 0:03:12]} e5
{[%clk 0:02:51]} 9. dxe5 {[%clk 0:03:13]} dxe5 {[%clk 0:02:49]} 10. Nb5
{[%clk 0:03:15]} Kd8 11. Qa5+ b6 {[%clk 0:02:13]} 12. Qc3 {[%clk 0:03:18]} cxb5
{[%clk 0:01:48]} 13. Bxb5 {[%clk 0:02:58]} a6 {[%clk 0:01:31]} 14. Bxd7
{[%clk 0:02:24]} Bxd7 {[%clk 0:01:32]} 15. Nxe5 Ra7 16. Nc6+ {[%clk 0:02:02]} Kc7
{[%clk 0:01:22]} 17. Ne5+ {[%clk 0:00:50]} Kd8 {[%clk 0:01:03]} 18. Nxd7
{[%clk 0:00:28]} Qxc3 {[%clk 0:00:40]} 19. Nxb6+ {[%clk 0:00:29]} Ke8
{[%clk 0:00:32]} 20. bxc3 {[%clk 0:00:30]} Bc5 {[%clk 0:00:23]} 21. Nd5
{[%clk 0:00:17]} Bxf2 {[%clk 0:00:24]} 22. Kd2 {[%clk 0:00:16]} Bc5
{[%clk 0:00:16]} 23. Rb1 {[%clk 0:00:16]} Kd7 {[%clk 0:00:17]} 24. Rhd1
{[%clk 0:00:15]} Ke6 25. Kd3 Rc8 {[%clk 0:00:15]} 26. c4 {[%clk 0:00:16]} Ke5
{[%clk 0:00:15]} 27. Rf1 {[%clk 0:00:16]} g6 {[%clk 0:00:15]} 28. Rf6
{[%clk 0:00:13]} Rd8 {[%clk 0:00:12]} 29. Rbf1 {[%clk 0:00:14]} Rdd7
{[%clk 0:00:13]} 30. Rc6 {[%clk 0:00:13]} Bf8 {[%clk 0:00:14]} 31. Ke3
{[%clk 0:00:12]} a5 {[%clk 0:00:14]} 32. Nf4 {[%clk 0:00:11]} Rd6
{[%clk 0:00:14]} 33. Rc8 {[%clk 0:00:06]} Bg7 {[%clk 0:00:13]} 34. c5
{[%clk 0:00:05]} Rdd7 {[%clk 0:00:13]} 35. Nd5 {[%clk 0:00:05]} Ra6 36. c6
{[%clk 0:00:06]} Rxd5 {[%clk 0:00:12]} 37. exd5 {[%clk 0:00:07]} Kxd5 38. Rxf7
{[%clk 0:00:07]} Be5 {[%clk 0:00:14]} 39. c7 {[%clk 0:00:08]} Re6
{[%clk 0:00:15]} 40. Rd8+ {[%clk 0:00:07]} Bd6+ 41. Ke4+ 1-0

[Event "European Individual Blitz Chess Championship 2016"]
[Site "?"]
[Date "2016.12.18"]
[Round "22.27"]
[White "Maier, Christian"]
[Black "Grandelius, Nils"]
[Result "0-1"]
[BlackElo "2602"]
[WhiteElo "2420"]
[LiveChessVersion "1.4.7"]

1. e4 {[%clk 0:02:47]} c5 {[%clk 0:03:03]} 2. Nf3 {[%clk 0:02:48]} d6
{[%clk 0:03:04]} 3. Bb5+ {[%clk 0:02:49]} Nd7 {[%clk 0:03:05]} 4. c3
{[%clk 0:02:50]} Ngf6 {[%clk 0:03:05]} 5. d3 {[%clk 0:02:51]} g6 {[%clk 0:03:00]}
6. O-O {[%clk 0:02:52]} Bg7 {[%clk 0:03:01]} 7. Re1 {[%clk 0:02:53]} a6
{[%clk 0:03:00]} 8. Ba4 {[%clk 0:02:54]} O-O {[%clk 0:02:56]} 9. h3
{[%clk 0:02:50]} b5 {[%clk 0:02:53]} 10. Bc2 {[%clk 0:02:50]} Bb7
{[%clk 0:02:53]} 11. Bg5 {[%clk 0:02:50]} h6 {[%clk 0:02:50]} 12. Bc1
{[%clk 0:02:26]} e5 {[%clk 0:02:47]} 13. Nbd2 {[%clk 0:02:24]} Re8
{[%clk 0:02:47]} 14. Nf1 {[%clk 0:02:25]} d5 {[%clk 0:02:48]} 15. Ng3
{[%clk 0:02:26]} d4 {[%clk 0:02:40]} 16. a4 {[%clk 0:02:25]} Rc8 {[%clk 0:02:30]}
17. Bd2 {[%clk 0:02:24]} Nb6 {[%clk 0:02:16]} 18. axb5 {[%clk 0:02:21]} axb5
{[%clk 0:02:17]} 19. cxd4 {[%clk 0:02:22]} exd4 {[%clk 0:02:15]} 20. Ra7
{[%clk 0:02:03]} Ba8 {[%clk 0:01:50]} 21. Nh2 {[%clk 0:02:03]} Rc7
{[%clk 0:01:37]} 22. Ra5 {[%clk 0:01:59]} Bc6 {[%clk 0:01:33]} 23. Ng4
{[%clk 0:02:00]} Nxg4 {[%clk 0:01:34]} 24. Qxg4 {[%clk 0:02:01]} Nd7
{[%clk 0:01:32]} 25. f4 {[%clk 0:01:56]} c4 {[%clk 0:01:24]} 26. Raa1
{[%clk 0:01:44]} cxd3 {[%clk 0:01:19]} 27. Bxd3 {[%clk 0:01:44]} Nc5
{[%clk 0:01:20]} 28. Bf1 {[%clk 0:01:44]} h5 {[%clk 0:01:13]} 29. Qf3
{[%clk 0:01:43]} h4 {[%clk 0:01:14]} 30. Rac1 {[%clk 0:01:30]} hxg3
{[%clk 0:01:08]} 31. Rxc5 {[%clk 0:01:29]} Bxe4 {[%clk 0:01:09]} 32. Qa3
{[%clk 0:01:08]} Bf8 {[%clk 0:01:04]} 33. b4 {[%clk 0:01:02]} Bxc5 34. bxc5
{[%clk 0:01:03]} d3 {[%clk 0:00:58]} 35. Qc3 {[%clk 0:00:57]} Qd5
{[%clk 0:00:56]} 36. Be3 {[%clk 0:00:54]} Rc6 {[%clk 0:00:48]} 37. Ra1
{[%clk 0:00:48]} Bf5 {[%clk 0:00:48]} 38. Ra7 {[%clk 0:00:45]} Rxe3
{[%clk 0:00:46]} 39. Bxd3 {[%clk 0:00:08]} Re8 {[%clk 0:00:38]} 40. Bxb5
{[%clk 0:00:05]} Qxc5+ {[%clk 0:00:37]} 41. Qxc5 {[%clk 0:00:06]} Rxc5
{[%clk 0:00:39]} 0-1

[Event "European Individual Blitz Chess Championship 2016"]
[Site "?"]
[Date "2016.12.18"]
[Round "22.28"]
[White "Neiksans, Arturs"]
[Black "D`costa, Lorin A R"]
[Result "1-0"]
[BlackElo "2400"]
[WhiteElo "2584"]
[LiveChessVersion "1.4.7"]

1. d4 {[%clk 0:03:03]} Nf6 {[%clk 0:03:02]} 2. c4 {[%clk 0:03:04]} e6
{[%clk 0:03:03]} 3. Nf3 {[%clk 0:03:04]} b6 {[%clk 0:03:04]} 4. g3
{[%clk 0:03:04]} Ba6 {[%clk 0:03:02]} 5. b3 {[%clk 0:03:01]} Bb7 {[%clk 0:02:58]}
6. Bg2 {[%clk 0:03:02]} Bb4+ {[%clk 0:02:59]} 7. Bd2 {[%clk 0:03:02]} a5
{[%clk 0:03:00]} 8. O-O O-O {[%clk 0:03:01]} 9. Nc3 {[%clk 0:02:51]} d6
{[%clk 0:02:59]} 10. a3 Bxc3 {[%clk 0:02:59]} 11. Bxc3 {[%clk 0:02:51]} Nbd7
{[%clk 0:02:59]} 12. a4 {[%clk 0:02:47]} Be4 {[%clk 0:02:53]} 13. Re1
{[%clk 0:02:44]} c5 {[%clk 0:02:30]} 14. Bf1 {[%clk 0:02:41]} cxd4
{[%clk 0:02:20]} 15. Nxd4 {[%clk 0:02:40]} d5 {[%clk 0:01:39]} 16. f3
{[%clk 0:02:40]} Bg6 {[%clk 0:01:41]} 17. e3 {[%clk 0:02:38]} Rc8
{[%clk 0:01:18]} 18. Rc1 {[%clk 0:02:34]} Qe7 {[%clk 0:01:16]} 19. Qd2
{[%clk 0:02:29]} Rfd8 {[%clk 0:01:17]} 20. Qf2 {[%clk 0:02:09]} e5
{[%clk 0:01:12]} 21. Nb5 {[%clk 0:02:09]} Nc5 {[%clk 0:01:12]} 22. Qb2
{[%clk 0:02:04]} dxc4 {[%clk 0:01:00]} 23. Bxc4 {[%clk 0:02:05]} Nxa4
{[%clk 0:00:59]} 24. Bxf7+ {[%clk 0:01:59]} Qxf7 {[%clk 0:00:52]} 25. bxa4
{[%clk 0:02:00]} e4 {[%clk 0:00:53]} 26. f4 {[%clk 0:01:59]} Nd5 {[%clk 0:00:51]}
27. Bd4 {[%clk 0:01:56]} Rxc1 {[%clk 0:00:48]} 28. Rxc1 {[%clk 0:01:57]} Bh5
{[%clk 0:00:46]} 29. Qc2 {[%clk 0:01:50]} Bf3 {[%clk 0:00:46]} 30. Qc6
{[%clk 0:01:45]} h5 {[%clk 0:00:42]} 31. Nd6 {[%clk 0:01:15]} Qe6
{[%clk 0:00:37]} 32. Nc8 {[%clk 0:01:15]} Qh3 {[%clk 0:00:15]} 33. Rc2
{[%clk 0:01:17]} Nxf4 {[%clk 0:00:12]} 34. Ne7+ {[%clk 0:01:08]} Kh7
{[%clk 0:00:10]} 35. exf4 {[%clk 0:01:08]} Rxd4 {[%clk 0:00:08]} 36. Qg6+
{[%clk 0:01:09]} Kh8 {[%clk 0:00:07]} 37. Qe8+ {[%clk 0:01:03]} Kh7
{[%clk 0:00:09]} 38. Qg8+ {[%clk 0:01:04]} e3 1-0

[Event "European Individual Blitz Chess Championship 2016"]
[Site "?"]
[Date "2016.12.18"]
[Round "23.19"]
[White "Martinovic, Sasa"]
[Black "Jankovic, Alojzije"]
[Result "0-1"]
[BlackElo "2606"]
[WhiteElo "2496"]
[LiveChessVersion "1.4.7"]

1. d4 {[%clk 0:03:04]} Nf6 {[%clk 0:03:04]} 2. Nf3 {[%clk 0:03:06]} g6
{[%clk 0:03:00]} 3. g3 {[%clk 0:03:07]} d5 {[%clk 0:02:58]} 4. Bg2
{[%clk 0:03:09]} Bg7 {[%clk 0:03:00]} 5. O-O {[%clk 0:03:10]} O-O
{[%clk 0:03:00]} 6. Nbd2 {[%clk 0:03:11]} c6 {[%clk 0:02:59]} 7. c4
{[%clk 0:03:11]} Bf5 {[%clk 0:03:00]} 8. b3 {[%clk 0:03:09]} a5 {[%clk 0:03:01]}
9. e3 {[%clk 0:02:58]} Nbd7 {[%clk 0:03:02]} 10. Qe2 {[%clk 0:02:52]} Qb6
{[%clk 0:03:03]} 11. Ba3 {[%clk 0:02:46]} Rfe8 {[%clk 0:03:03]} 12. h3
{[%clk 0:02:40]} e5 {[%clk 0:02:45]} 13. dxe5 {[%clk 0:02:35]} Nxe5
{[%clk 0:02:45]} 14. Nxe5 {[%clk 0:02:36]} Rxe5 {[%clk 0:02:46]} 15. Bb2
{[%clk 0:02:33]} Ree8 {[%clk 0:02:45]} 16. cxd5 {[%clk 0:02:32]} cxd5
{[%clk 0:02:43]} 17. g4 {[%clk 0:02:23]} Bd7 {[%clk 0:02:38]} 18. Rfd1
{[%clk 0:02:22]} d4 {[%clk 0:02:32]} 19. Nc4 {[%clk 0:02:20]} Qa6
{[%clk 0:02:25]} 20. Rxd4 {[%clk 0:02:16]} Bc6 {[%clk 0:02:26]} 21. Rd6
{[%clk 0:02:12]} Ne4 {[%clk 0:02:22]} 22. Bxe4 {[%clk 0:02:11]} Rxe4
{[%clk 0:02:15]} 23. Bxg7 {[%clk 0:02:12]} Kxg7 {[%clk 0:02:15]} 24. Rad1
{[%clk 0:02:09]} Kg8 {[%clk 0:02:02]} 25. Qb2 {[%clk 0:02:11]} Rae8
{[%clk 0:01:43]} 26. Qf6 {[%clk 0:02:11]} Qb5 {[%clk 0:01:22]} 27. Rd8
{[%clk 0:02:10]} R4e6 {[%clk 0:00:50]} 28. Qc3 {[%clk 0:01:27]} Qg5
{[%clk 0:00:41]} 29. Rxe8+ {[%clk 0:00:40]} Rxe8 {[%clk 0:00:42]} 30. Nxa5
{[%clk 0:00:37]} Bf3 {[%clk 0:00:42]} 31. Rd2 {[%clk 0:00:28]} Qh4
{[%clk 0:00:43]} 32. Qc7 {[%clk 0:00:14]} Qxh3 {[%clk 0:00:42]} 33. Qh2
{[%clk 0:00:14]} Qxg4+ {[%clk 0:00:41]} 34. Qg3 {[%clk 0:00:16]} Qh5
{[%clk 0:00:43]} 0-1